| 000 | 00469nam a2200157 i 4500 | ||
|---|---|---|---|
| 001 | 62763 | ||
| 003 | ES-MaACL | ||
| 005 | 20230906164726.0 | ||
| 007 | t| | ||
| 008 | 031125s1926 sp ||||1| spa d | ||
| 100 | 1 |
_aFernández Martínez, A. _949903 |
|
| 245 | 1 | 0 |
_a¿Hacia la reforma penitenciaria? / _cA. Fernández Martínez. |
| 260 |
_aGranada : _b[s.n.], _c1926 ( _fImp. Lorenzo Gómez de la Cruz) |
||
| 300 |
_aXIV, 94 p. ; _c22 cm. |
||
| 852 |
_aES-MaACL _j1701-F-5 |
||
| 999 |
_c62763 _d62763 |
||